Guidance note 4 (Record no. 110530)

MARC details
000 -LEADER
fixed length control field 01246cad a22002415a 4500
001 - CONTROL NUMBER
control field E149543
008 - FIXED-LENGTH DATA ELEMENTS--GENERAL INFORMATION
fixed length control field 100318s2010 xxk f u 001 0 eng d
035 ## - SYSTEM CONTROL NUMBER
System control number (Sirsi) u149543
041 0# - LANGUAGE CODE
Language code of text/sound track or separate title eng
050 04 - LIBRARY OF CONGRESS CALL NUMBER
Classification number 333.332091 $2 18
110 2# - MAIN ENTRY--CORPORATE NAME
Corporate name or jurisdiction name as entry element International Valuation Standards Council
9 (RLIN) 5828
245 00 - TITLE STATEMENT
Title Guidance note 4
Remainder of title valuation of intangible assets (revised 2010)
Medium [electronic resource]
260 ## - PUBLICATION, DISTRIBUTION, ETC.
Place of publication, distribution, etc. London
Name of publisher, distributor, etc. IVSC
Date of publication, distribution, etc. 2010
490 #0 - SERIES STATEMENT
Series statement ISVC Guidance Notes
505 2# - FORMATTED CONTENTS NOTE
Formatted contents note Introduction and scope -- Definitions -- Types of intangible assets -- Valuation approaches and methods -- Valuation inputs -- Reporting the valuation -- Effective date
520 ## - SUMMARY, ETC.
Summary, etc. Gives internationally recognised principles under which valuations of intangible assets are carried out and discusses the main approaches and methods that are used for valuing this type of asset. Effective from 1 March 2010.
520 ## - SUMMARY, ETC.
Summary, etc. Supersedes previous edition included in the International Valuation Standards 2007 (ISBN 9780922154944).
590 ## - LOCAL NOTE (RLIN)
Local note KA NTK
651 #4 - SUBJECT ADDED ENTRY--GEOGRAPHIC NAME
Geographic name International
690 ## - LOCAL SUBJECT ADDED ENTRY--TOPICAL TERM (OCLC, RLIN)
Topical term or geographic name as entry element PROPERTY-PROPERTY APPRAISAL AND VALUATION
856 40 - ELECTRONIC LOCATION AND ACCESS
Uniform Resource Identifier <a href="https://www.ivsc.org/pubs/gn4-2010.pdf">https://www.ivsc.org/pubs/gn4-2010.pdf</a>
Public note View the guidance free of charge (PDF file) at www.ivsc.org
942 ## - ADDED ENTRY ELEMENTS (KOHA)
Suppress in OPAC 0
Holdings
Withdrawn status Lost status Source of classification or shelving scheme Damaged status Not for loan Home library Current library Shelving location Date acquired Total Checkouts Full call number Barcode Date last seen Copy number Price effective from Koha item type
    Dewey Decimal Classification     Virtual Virtual Online 18/03/2010   ONLINE PUBLICATION 149543-2001 06/08/2019 1 06/08/2019 Book